| 000 | 01028nam a22002531u 4500 | ||
|---|---|---|---|
| 001 | 12555 | ||
| 003 | HDC | ||
| 007 | cr bn --- | ||
| 008 | 210209p2005 my eng | ||
| 040 | _aHDC | ||
| 100 |
_aAbdul Rashid Baba, _eauthor _913224 |
||
| 245 | 0 |
_aComparison of CIDR and FGA oestrus synchronisation regimes in the local Dorset Malin ewes for fixed time laparoscopic intrauterine insemination / _cby Abdul Rashid Baba and Jamsuri Hodari |
|
| 260 |
_aSerdang : _bMalaysian Agricultural Research and Development Institute (MARDI), _c2005 |
||
| 300 | _a1 page | ||
| 336 |
_atext _2rdacontent |
||
| 337 |
_acomputer _2rdamedia |
||
| 338 |
_aonline resource _2rdacarrier |
||
| 650 |
_aLaparoscopic intra-uterine insemination _913226 |
||
| 650 |
_aOestrus synchronisation _913225 |
||
| 856 | _zRequest full-text at [email protected] | ||
| 942 | _2lcc | ||
| 942 | _cAR | ||
| 942 | _kJART 003138 | ||
| 999 |
_c9878 _d9878 |
||